Principios del derecho romano
Gespeichert in:
| 1. Verfasser: | |
|---|---|
| Format: | Buch |
| Sprache: | Spanisch |
| Veröffentlicht: |
Madrid
CIVITAS
1990
|
| Schriftenreihe: | Monografías Civitas
|
| Schlagworte: | |
| Tags: |
Tag hinzufügen
Keine Tags, Fügen Sie den ersten Tag hinzu!
|
MARC
| LEADER | 00000nam a2200000 a 4500 | ||
|---|---|---|---|
| 001 | UCV2685 | ||
| 003 | CL-VaPUC | ||
| 008 | 921020e19900000SP |||||||||||||||||spa|d | ||
| 082 | 0 | 4 | |a 340.54 |b SCH |2 21 |
| 100 | 0 | |a Schulz, Fritz |e author |9 296957 | |
| 245 | 1 | 0 | |a Principios del derecho romano |
| 300 | |a 298 p | ||
| 942 | |c BK | ||
| 945 | |d 19921020 00:00:00 | ||
| 260 | |a Madrid |b CIVITAS |c 1990 | ||
| 650 | 0 | |a Derecho romano |9 255930 | |
| 583 | |a last modification |c 19921020 00:00:00 |k Rodrigo Vera | ||
| 490 | 0 | |a Monografías Civitas | |
| 999 | |c 210190 |d 210188 | ||
| 952 | |0 0 |1 0 |4 0 |6 340_540000000000000_SCH_1990 |7 0 |8 DER_ROM |9 186263 |a BIBDER |b BIBDER |d 2019-11-14 |i 253729K |o 340.54 SCH 1990 |p 253729K |r 2023-01-25 |w 2019-11-14 |x Ubicación 4to piso |y BK |z Este recurso debe solicitarse con anticipación |k DER | ||